Sudden Death: WWE WrestleMania Main Eventers - Statistics

General Stats
  • This quiz has been taken 355 times
    160 since last reset
  • The average score is 13 of 24
Answers on the Grid
Answers color-coded by a green-red scale on the quiz's grid according to % correct below.
Bam Bam Bigelow
Bayley
Bianca Belair
Bret Hart
Brock Lesnar
Bruno Sammartino
CM Punk
Gunther
Hulk Hogan
Jeff Hardy
John Cena
Kane
Kurt Angle
Lawrence Taylor
Lex Luger
Mick Foley
Psycho Sid
Randy Orton
Ric Flair
Roman Reigns
Shawn Michaels
Sheamus
Ted DiBiase
The Big Show
The Miz
The Rock
The Ultimate Warrior
The Undertaker
Triple H
Vince McMahon
Yokozuna
“Macho Man” Randy Savage
“Stone Cold” Steve Austin
 
Answer Stats
Answer % Correct
John Cena
79%
Brock Lesnar
76%
CM Punk
73%
Bret Hart
68%
Hulk Hogan
68%
Roman Reigns
67%
“Stone Cold” Steve Austin
64%
The Undertaker
64%
Randy Orton
62%
Triple H
61%
Bianca Belair
59%
Kurt Angle
56%
The Rock
55%
Shawn Michaels
53%
Bam Bam Bigelow
50%
The Miz
48%
Lawrence Taylor
42%
Yokozuna
42%
“Macho Man” Randy Savage
41%
The Ultimate Warrior
41%
Mick Foley
35%
Psycho Sid
35%
The Big Show
30%
Ted DiBiase
21%
No matching quizzes found
Score Distribution
Percent of People with Each Score
Percentile by Number Answered
Your Score History
You have not taken this quiz since the last reset